000 00628nam a2200253Ia 4500
005 20260121153837.0
008 008 260114s9999 xx 000 0 eng d
020 _a9780429141560
037 _aEBOOK
040 _aCRL
040 _beng
040 _cCRL
041 _2eng
041 _aeng
084 _qCRL
100 _aM.N.V. Prasad; Ravi Naidu; Kenneth S. Sajwan
_9999821
245 0 _aTrace Elements in the Environment
260 _bTaylor and Francis
260 _c2006
856 _uhttp://www.taylorfrancis.com/books/9780429141560
942 _cEBOOK
999 _c1566642
_d1566642